000 00348nam a2200145 i 4500
001 bg
100 1 _aKRUPA, A.
245 0 _aPoradnik traktorzysty-operatora /
_cA. Krupa, K. Sokołowski.
260 _aWarszawa,
_c1986.
700 1 _aSOKOŁOWSKI, K.
040 _cBPK
041 _apol
942 _cKS
008 s pl f |000 0 pol
999 _c2954
_d2954
856 _uhttp://koha.tu.koszalin.pl/cgi-bin/koha/opac-detail.pl?biblionumber=2954
_yKatalog online BPK